[Event "FIDE-Wch k.o."]
[Site "New Delhi/Teheran"]
[Date "2000.11.27"]
[Round "1.1"]
[White "Lputian, Smbat G"]
[Black "Blehm, Pawel"]
[Result "1-0"]
[WhiteElo "2598"]
[BlackElo "2510"]
[Annotator "Stohl,I"]
[PlyCount "121"]
[EventDate "2000.11.27"]
[EventType "k.o."]
[EventRounds "7"]
[EventCountry "IND"]
[SourceTitle "CBM 080"]
[Source "ChessBase"]
[SourceDate "2001.01.25"]
[SourceVersion "1"]
[SourceVersionDate "2001.01.25"]
[SourceQuality "1"]

1. d4 Nf6 2. Nf3 g6 3. c4 Bg7 4. g3 d6 5. Bg2 O-O 6. O-O Nc6 7. Nc3 a6 8. d5
Na5 9. Nd2 c5 10. Rb1 {Black has had some success in Istanbul with the
Yugoslav variation, as the notes below show. Nevertheless Lputian repeats his
game with Khalifman, doubtlessly better prepared this time.} (10. Qc2 Rb8 11.
b3 b5 12. Bb2 h5 $5 13. h3 bxc4 14. bxc4 e5 15. Rab1 Bd7 16. Ba1 Qe7 17. Rxb8
Rxb8 18. Rb1 Qd8 19. Nd1 Rb6 20. Bc3 Nb7 21. Rb2 Bc8 22. Qa4 Bd7 23. Qa3 Rxb2
24. Nxb2 Qb6 25. Na4 Qc7 26. Qb3 Be8 27. e3 Nd7 28. g4 hxg4 29. hxg4 f5 $11 {
Rogozenko,D-Magai,V/Istanbul olm/2000/ Although Black played rather passively
and didn't maintain any pressure against c4, his position remains solid.})
10... Rb8 11. b3 b5 12. Bb2 Bf5 (12... bxc4 13. bxc4 Bh6 14. Ba1 (14. f4 e5
$132) 14... Bf5 $5 (14... Rxb1 15. Ncxb1 $14) (14... Rb4 $6 15. Rxb4 cxb4 16.
Nce4 $36) 15. e4 $142 (15. Rxb8 Qxb8 16. f4 (16. h3 $2 Qb4 17. e4 Bd7 18. f4
Nxc4 19. Nxc4 Qxc4 20. e5 Ne8 21. Qf3 dxe5 22. fxe5 Qd4+ 23. Kh2 Qxe5 24. Ne4
Qxd5 25. Rd1 Qxa2 26. Nxc5 Bb5 $19 {Lputian,S-Khalifman,A/Istanbul olm/2000/})
16... Qb4 17. e4 Bg4 18. Qa4 Bd7 19. Qxb4 cxb4 20. Ne2 Rc8 21. Rc1 Bg7 22. h3
Ba4 23. Rb1 Nxc4 24. Rxb4 Bb5 25. Nxc4 Rxc4 26. Rxc4 Bxc4 27. Nc1 a5 $11 {
Ornstein,A-Ernst,T/Malmo/1986/}) 15... Bg4 16. f3 Be3+ (16... Bd7 $143 $6 17.
f4 $36) 17. Kh1 Bd7 18. Nb3 $5 Nxb3 19. axb3 Bd4 20. Ne2 Bxa1 21. Rxa1 a5 22.
Nf4 Qb6 23. Ra3 Rb7 24. Rf2 Rfb8 25. Bf1 Qc7 26. Bd3 Rb4 27. Bc2 $14 {Dizdar,
G-Lputian,S/Yerevan olm/1996/ Lputian himself barely scraped a draw in this
game and it's mysterious why he didn't repeat it against Khalifman.}) ({
More flexible is} 12... Bh6 $5 13. Ba1 (13. Nce4 Nxe4 14. Bxe4 bxc4 $1 15. Nxc4
$8 Nxc4 16. bxc4 Bh3 $11) 13... Bxd2 14. Qxd2 bxc4 15. bxc4 ({White can force
a draw with} 15. Ne4 Nxe4 16. Bxe4 cxb3 17. Qh6 f6 18. Bxg6 $11) 15... Nxc4 16.
Qf4 $44 {This is the only way for White to keep the tension in the position,
but the pawn sacrifice is far from clear.}) 13. e4 Bd7 (13... Bg4 $5 14. f3 Bd7
15. Ba1 (15. Qc2 $142) 15... e5 16. dxe6 $6 fxe6 17. Kh1 Nc6 18. a3 Nd4 19. b4
e5 20. Re1 Be6 21. cxb5 axb5 22. Nf1 h5 23. h4 Bh6 $36 {Matamoros Franco,
C-Babula,V/Istanbul olm/2000/}) 14. Ba1 bxc4 $6 {This exchange is premature,
Black does better to keep the tension with} (14... e5 $13) 15. bxc4 Rb4 (15...
Bh6 {as has already been shown above, misses the point due to} 16. f4 $36 (16.
Rxb8 $143 Qxb8 17. Ncb1 Qc7 18. Bc3 Bg7 19. Qc2 Rb8 20. Na3 Ne8 21. Rb1 Bxc3
$11 {/+/=,1/2,Splosnov,S-Shtyrenkov,V/Karvina op/1998/})) 16. a3 Rxb1 17. Ncxb1
e5 18. Bc3 $14 {[%mdl 4] /+/- Black's activity is over, White proceeds to
improve his position in a typical way.} Bh6 19. Bf3 $1 ({Premature is} 19. f4
$2 exf4 20. gxf4 Nh5 $36) 19... Qb6 20. Be2 {[%cal Yf2f4] White overprotects
c4 and is ready to play f4->>>.} Bh3 21. Qa4 $1 Nb7 (21... Bxf1 $2 22. Bxa5
Qxb1 $8 23. Nxb1 Bxe2 24. Nc3 Bf3 25. Qc6 $18) 22. Re1 Rb8 23. Bd3 (23. f4 $5
Bd7 24. Qc2 $36) 23... Bd7 24. Qd1 Nh5 $1 $14 {This stops f4 for a long time,
so White must look for other fields of activity.} 25. Bc2 Na5 26. Kg2 Ng7 27.
Rf1 Nh5 28. Qe2 Qd8 29. Kh1 Nb7 {Now White can move his N from d2 and
disentangle his pieces.} (29... Qb6 $142 30. f3 $5 $14 {[%cal Yf1f2,Ye2f1,
Yf3f4] /\Rf2,Qf1,f4}) 30. Nb3 a5 31. Qd1 $1 (31. N1d2 a4 32. Nc1 Na5 {/\Bd2,
Nb3-d4<=>}) 31... a4 32. N3d2 Ra8 33. Ba1 $1 {[%csl Ra4][%cal Rb1c3] /\Nc3,><a4
} Na5 34. Bxa4 {White changes the character of the position, but he could
still have waited with} (34. Bc3 $142) 34... Nxc4 (34... Bxd2 35. Bxd7 $16 Nxc4
$2 36. Bb5 $18) 35. Bxd7 Nxd2 $8 36. Nxd2 Qxd7 37. Nc4 {[%csl Rd6] ><d6} Ra6 $6
(37... Qb5 $142 $1 38. Nxd6 $8 (38. Qc2 $2 Ra4 $19) 38... Qa6 39. Nxf7 (39.
Bxe5 f6 40. f4 fxe5 41. fxe5 Rf8 $15) 39... Kxf7 40. Bxe5 Qxa3 41. d6 $44 (41.
f4 $44)) 38. Qb3 $16 {[%cal Gb1b8] <->b} Bf8 39. Rb1 Qg4 (39... Qa4 40. Qd3 $16
) 40. Qd3 Ra4 41. Re1 $1 {White prepares to chase the Q (f3) or R (Qb3) away.}
(41. f3 $2 Nxg3+ 42. hxg3 (42. Kg2 $2 Nh5+ $1 43. fxg4 Nf4+ $19) 42... Qh3+ 43.
Kg1 Qxg3+ 44. Kf1 Rxc4 45. Qxc4 Qxf3+ $11) 41... f5 (41... Ra7 $142 42. f3 $16)
42. Qb3 Ra7 43. Bxe5 $1 $18 {[%mdl 512] This sacrifice decides practically by
force and although Lputian misses some quicker wins, his advantage is always
sufficient.} dxe5 44. Nxe5 Qg5 $8 (44... Qh3 45. d6+ Kg7 46. d7 Ra8 47. Qf7+
Kh6 48. Qe8 $18) 45. d6+ Kg7 (45... Kh8 46. Qb8 $18) 46. d7 (46. Qb8 $142 $1
Rf7 (46... Rxa3 47. Qc7+ Kf6 48. Qd8+ $18) 47. Nxf7 Kxf7 48. Qb7+ Kg8 49. Qd5+
Kh8 50. e5 $18) 46... Qe7 $8 47. Qd3 Qd8 (47... fxe4 48. Rxe4 Qd8 49. Rg4 $1
$18 {[%cal Re5g6,Rg4g6] /\Rg6,Ng6->}) 48. exf5 (48. Qd5 $142 Nf6 49. Qf7+ Kh8
50. Nc6 $1 $18) 48... Nf6 49. Rd1 Be7 50. Qc4 Nxd7 (50... Qf8 $142 51. fxg6 (
51. Nc6 Qa8 52. Qe6 Bd8 {is less clear.}) 51... Nxd7 $1 $16) 51. Qf7+ Kh6 (
51... Kh8 52. fxg6 Qg8 53. Qxe7 $18) 52. Ng4+ Kg5 53. fxg6 (53. f3 $142 {mates.
}) 53... Qa8+ (53... Kxg4 54. h3+ Kh5 55. Rd5+ Ne5 56. g7+ Kh6 57. Rxe5 $18)
54. f3 Nf6 55. Ne5 ({Simpler was} 55. h4+ Kf5 56. Nh6+ Ke5 57. Re1+ $18) 55...
Bd6 56. h4+ Kf5 57. g4+ Kxe5 58. Re1+ Kf4 (58... Kd4 59. Qxf6+ Kc4 60. Re4+ $18
) 59. Qxf6+ Kg3 60. Qxd6+ Kxf3 (60... Kf2 61. Re4 $18) 61. Kh2 {/\Qg3# Finally
ends the king-hunt.} (61. Kh2 Kxg4 62. Qg3+ Kf5 63. Qg5#) 1-0

[Event "Excelsior Cup"]
[Site "Gothenburg"]
[Date "2001.??.??"]
[Round "8"]
[White "Marin, Mihail"]
[Black "Couso, Luis"]
[Result "1-0"]
[WhiteElo "2604"]
[BlackElo "2348"]
[Annotator "Marin,M"]
[PlyCount "69"]
[EventDate "2001.01.08"]
[EventType "tourn"]
[EventRounds "9"]
[EventCountry "SWE"]
[EventCategory "7"]
[SourceTitle "CBM 081"]
[Source "ChessBase"]
[SourceDate "2001.03.20"]
[SourceVersion "1"]
[SourceVersionDate "2001.03.20"]
[SourceQuality "1"]

1. c4 Nf6 2. Nc3 g6 3. g3 Bg7 4. Bg2 O-O 5. d4 d6 6. Nf3 Nc6 7. O-O a6 8. d5
Na5 9. Nd2 c5 10. Qc2 b5 11. cxb5 axb5 12. Nxb5 Bg4 {Nytt för Marin.} (12...
Ba6 13. Nc3 Qc7 14. b3 Rab8 15. Rb1 {Averbach - Gligorich, sovjet -
Jugoslavien 1956.}) (12... Bb7 13. Nc3 Ra6 14. Rd1 Qa8 15. e4 $5 (15. Nf1 Nd7
16. Rb1 Rb6 17. b3 Rb4 18. Ba3 Rc8 19. Ne4 Rd4 20. Ne3 {Horvath,J-Bologan,V,
Igalo 1994}) 15... Rb6 16. Rb1 e6 17. b3 Rb4 $2 (17... exd5 18. exd5 Re8 19.
Bb2 $16 (19. Nc4 Nxc4 20. bxc4 Rxb1 21. Qxb1 Ba6 22. Nb5 Bxb5 23. cxb5 $16))
18. a3 $18 {Marin,M-Nisipeanu,L, Bukarest 1995}) 13. Nc3 Qc8 14. Rd1 Nh5 $6 (
14... Bh3) 15. Rb1 Ra6 16. b3 Bh3 17. Bb2 e5 18. dxe6 Bxg2 19. Kxg2 (19. exf7+
Rxf7 20. Kxg2 Nc6) 19... fxe6 20. Nce4 Qa8 (20... Bxb2 21. Rxb2 Nb7 22. Rc1 Rc6
23. b4 c4 24. b5) 21. Nf3 Nc6 22. Rxd6 Rxa2 23. Qc4 $1 (23. Qxc5 Ne5 24. Bxe5
Qxe4) 23... Bxb2 (23... Nd4 24. Bxd4 Qxe4 25. Rxe6 Qxb1 26. Re8+ Kh8 27. Rxf8#)
24. Qxe6+ Kh8 25. Rxc6 Ng7 (25... Re8 26. Qd5 Ra6 27. Rxc5 Qxd5 28. Rxd5 Rxe4
29. Rxb2 $18) 26. Qd5 Rf5 (26... Bd4) 27. Qd7 Rf8 28. Rxb2 $1 Rxb2 29. Rc7 Rg8
30. Nd6 h6 (30... h5 31. Ra7 Qb8 32. Nf7+ Kh7 33. N3g5#) 31. Ra7 Qb8 32. Nf7+
Kh7 33. Qh3 Nh5 34. N7g5+ Kh8 35. Rh7# 1-0

[Event "Linares Anibal op 08th"]
[Site "Linares"]
[Date "2001.01.17"]
[Round "10"]
[White "Nalbandian, Tigran"]
[Black "Milov, Vadim"]
[Result "0-1"]
[WhiteElo "2481"]
[BlackElo "2604"]
[Annotator "Milov,V"]
[PlyCount "86"]
[EventDate "2001.01.08"]
[EventType "swiss"]
[EventRounds "11"]
[EventCountry "ESP"]
[SourceTitle "CBM 081"]
[Source "ChessBase"]
[SourceDate "2001.03.20"]
[SourceVersion "1"]
[SourceVersionDate "2001.03.20"]
[SourceQuality "1"]

1. d4 Nf6 2. Nf3 g6 3. g3 Bg7 4. Bg2 O-O 5. O-O d6 6. c4 Nc6 7. d5 Na5 8. Nfd2
c5 9. Nc3 e5 10. Rb1 b6 11. b4 Nb7 12. e4 (12. a3 $142) 12... Ng4 13. Nf3 $6
cxb4 14. Rxb4 Nc5 $15 15. h3 Nh6 16. Be3 f5 17. Qd2 f4 (17... fxe4 18. Ng5 Nf5
19. Ngxe4 $11) 18. gxf4 $6 (18. Bxc5 bxc5 (18... dxc5 19. Rb3 Nf7 20. a4 Nd6
21. Qe2 {/\22.Nb5}) 19. Rb3 Nf7 20. g4 h5 21. Nh2 hxg4 22. hxg4 f3 $5 23. Bxf3
Bh6 24. Qd3 Bf4 25. Ne2 Bxh2+ 26. Kxh2 Ng5 $15) 18... exf4 $17 19. Bd4 Nf7 20.
Bxg7 Kxg7 21. Qd4+ Qf6 (21... Kg8 $5 22. Kh2 Ne5 23. Nxe5 dxe5 24. Qd1 Qh4 $17)
22. Qxf6+ Kxf6 23. Nb5 $5 Bd7 (23... Nxe4 24. Nc7 Rb8 25. Re1 Bf5 26. Ne6 Rfe8
27. Nxf4 Neg5 $17) 24. Nxd6 Nxd6 25. e5+ Ke7 26. exd6+ Kxd6 27. Ra1 {/\28.a4}
Rab8 28. Nd4 (28. a4 $2 a5) 28... g5 29. Bf3 Bxh3 $1 (29... Nd3 30. Rb3 Ne5 31.
Be2 Rbc8 32. Rc1 Rc7 $17) 30. Nb5+ Kd7 31. Nxa7 g4 32. Bg2 (32. Bh1 f3) (32.
Be2 f3 (32... g3 33. fxg3 fxg3 34. Nc6 Rbe8 35. Bf1 g2 36. Bxg2 Rg8 37. Rb2 Nd3
$19) 33. Bf1 Bxf1 34. Rxf1 (34. Kxf1 Rf5 35. Nc6 Re8 36. Rxb6 Rh5 37. Kg1 g3 $1
$19) 34... Nd3 35. Rb3 Nf4 $40) 32... Bxg2 33. Kxg2 f3+ 34. Kg1 (34. Kf1 {
-32.Be2}) 34... g3 $1 35. fxg3 Rbe8 $1 (35... f2+ 36. Kg2 Ra8 37. Nc6 Rxa2 38.
Rf1 $13) 36. Rf1 (36. Rxb6 Re2 (36... f2+ $2 37. Kf1 Nd3 38. Re6) 37. Nb5 (37.
Nc6 Kc7) 37... Ne4 $19) 36... Re2 $19 37. Rxb6 (37. Nc6 Rf6 {/\38...Rg2,39...
Rh6#}) 37... Ne4 (37... Rf5 38. Rh6 (38. g4 Ne4 39. Rb7+ Ke8 $19) 38... Ne4 39.
Rxh7+ Kd6 (39... Ke8 40. Rh8+ (40. Rh2 Nxg3 41. Rhf2 Rh5 42. Rxe2+ fxe2 43. Re1
Rh1+ 44. Kf2 Rf1+ 45. Kxg3 Rxe1 46. Kf2 Ra1 47. Kxe2 Rxa2+ $19) 40... Kf7 41.
Rh2 f2+ 42. Kg2 Nd2 43. Rhh1 Nxc4 44. g4 Ne3+ 45. Kg3 Rf6 46. a4 $13) 40. Rh2
Nxg3 41. Nb5+ Kc5 42. Rhf2 Rh5 $19) 38. Rb7+ Kd6 39. Nb5+ (39. c5+ Kxd5 40.
Rd1+ Ke6) (39. Rb6+ Kc7 (39... Kc5) 40. Rc6+ Kd7) 39... Kc5 40. Rc7+ Kb6 41.
Rg7 (41. Rc6+ Ka5) 41... Rf6 42. Rd1 Rg2+ 43. Kf1 Rh6 0-1

[Event "ISR-chT"]
[Site "Israel"]
[Date "2001.05.25"]
[Round "11.2"]
[White "Psakhis, Lev"]
[Black "Avrukh, Boris"]
[Result "1-0"]
[WhiteElo "2575"]
[BlackElo "2601"]
[Annotator "Psakhis,L"]
[PlyCount "87"]
[EventDate "2001.02.??"]
[EventType "team"]
[EventRounds "11"]
[EventCountry "ISR"]
[SourceTitle "CBM 083"]
[Source "ChessBase"]
[SourceDate "2001.07.05"]
[SourceVersion "1"]
[SourceVersionDate "2001.07.05"]
[SourceQuality "1"]

1. Nf3 Nf6 2. c4 g6 3. g3 Bg7 4. Bg2 O-O 5. O-O d6 6. d4 Nc6 7. Nc3 a6 8. d5
Na5 9. Nd2 c5 10. Qc2 Rb8 11. b3 b5 12. Bb2 bxc4 13. bxc4 Bh6 14. Ncb1 Bd7 15.
Bc3 e5 16. Na3 Rb4 $1 {[%mdl 512]} (16... Bg7 17. Rab1 Qc7 18. e4 h5 19. f4 $16
{1-0 Zaid,L-Kasparov,G/USSR 1977 (37)}) 17. Bxb4 cxb4 18. Nab1 Qc7 $1 19. e3
Rc8 $6 (19... Ng4 20. Re1 f5 21. h3 Nf6 22. Nb3 Qxc4 23. Qxc4 Nxc4 24. a3 bxa3
25. Nxa3 Nb6 26. Nc2 Bb5 27. Nb4 e4 {Tischer,G-Carstens,A/Bundesliga 1984/1/
2-1/2 (58)}) (19... Bf5 $1 20. Ne4 Bxe4 21. Bxe4 Nxe4 $1 (21... Nb7 $2 22. Nd2
Nc5 23. Bg2 Rb8 24. Rfb1 $16 a5 25. a3 e4 26. axb4 axb4 27. Bh3 $1 {1-0 Timman,
J-Kasparov,G/Tilburg 1981 (40)}) 22. Qxe4 f5 23. Qc2 Qxc4 24. Rc1 Qxd5 25. Nd2
f4 26. Nf1 fxe3 27. Nxe3 Qf3 28. Re1 Nc6 29. Ng4 Nd4 30. Nxh6+ Kg7 31. Qd2 Qh5
$132 {1/2-1/2 D'Andrea-Lotti/corr 1985 (37)}) 20. a3 $1 $146 (20. Rc1 Qb6 21.
Qd3 Bg7 (21... Ng4 22. Nf1 e4 23. Bxe4 Bg7 24. Nbd2 Bxa1 25. Rxa1 Ne5 26. Qe2
Naxc4 27. Nxc4 Rxc4 28. Nd2 Rc3 {Jankovic,B-Jakic,I/CRO-chJ Pula 1999/Ajelibre/
0-1 (60)}) 22. Nb3 e4 23. Qd4 Nxd5 24. Qxd5 Nxb3 25. axb3 Bxa1 26. Nd2 Be5 27.
Nxe4 Be6 28. Qd2 Bf5 {1/2-1/2 Jurek,J-Maiwald,J/Ischia op 1994 (28)}) 20... b3
(20... Nxc4 21. axb4 Nxd2 22. Qxc7 Rxc7 23. Nxd2 $18) 21. Nxb3 $1 Ba4 {[%cal
Ra4c2]} 22. N1d2 Nxb3 23. Nxb3 Rb8 24. Rab1 Qb6 (24... Qb7 $1 25. Na5 $18) 25.
Rb2 $5 (25. Nd4 $2 Bxc2 26. Rxb6 Rxb6 27. Nxc2 Rb2 28. Nb4 Ng4 $1 $36 {[%cal
Gg4f2,Gh6e3]}) (25. c5 $5 Bxb3 (25... dxc5 $2 26. Qxc5 Bxb3 27. Qxb6 Rxb6 28.
Rfc1 $1 Nd7 $8 (28... a5 29. Rc6 $18) 29. Rc6 Rb5 30. Rxa6 Kf8 31. d6 $18) 26.
Qxg6+ $1 (26. cxb6 Bxc2 27. Rb2 Bd3 (27... Be4 28. Rc1 $16) (27... Ba4 28. Rc1
Nd7) 28. Rc1 Nd7 $1) 26... hxg6 27. cxb6 Bxd5 (27... Rxb6 28. Rfc1 $16) 28.
Rfc1 {[%cal Rb6b7]} e4 29. a4) 25... Ng4 $2 (25... Bxb3 $1 26. Rfb1 Bxc2 27.
Rxb6 Ra8 $1 (27... Rd8 28. Rc1 Bd3 29. c5 e4 30. Rxd6 Rxd6 31. cxd6 Bf8 32. Rc8
Kg7 33. Rd8 {[%cal Gg2f1]}) (27... Rxb6 28. Rxb6 Bf8 29. c5 $1 Nd7 30. Rb2 $18)
28. Rc1 Ba4 29. Rxd6 Nd7 30. c5 (30. Bh3 Nc5) 30... Bf8 31. Rxd7 Bxd7 32. d6
Rd8 33. c6 Bxc6 34. Rxc6 Rxd6 $11) 26. Qe2 $1 Nxe3 (26... Bxb3 27. Qxg4 $18)
27. fxe3 Bxb3 (27... Qxe3+ 28. Qxe3 Bxe3+ 29. Kh1 Rxb3 30. Rxb3 Bxb3 31. Rf3
$18) 28. Rfb1 Bxe3+ 29. Kh1 Bd4 (29... Bc5 30. Qd3 $18) 30. c5 $1 (30. Rxb3 $2
Qxb3 31. Rxb3 Rxb3 32. a4 (32. c5 Bxc5 33. Qxa6 Rxa3 $16) 32... a5) 30... Bxc5
(30... dxc5 31. Rxb3 Qxb3 32. Rxb3 Rxb3 33. d6 Rb1+ 34. Bf1 Rb6 35. d7 Rd6 36.
Qxa6 $18) 31. Qd3 $1 $18 Bc4 32. Rxb6 Rxb6 33. Qd1 $138 Rxb1 34. Qxb1 Bxa3 $138
35. Qb8+ (35. Qd1 $1 a5 36. Bf1 $18) 35... Kg7 36. Qb7 Bc5 (36... a5 37. Bh3
Kf6 38. Bd7) 37. g4 $1 Bd3 (37... h6 38. h4) 38. g5 a5 39. h4 a4 40. Bh3 $1 Kf8
(40... Be4+ 41. Kh2) (40... Bf5 41. Bxf5 gxf5 42. Qd7 a3 43. Qxf5 a2 44. Qf6+
Kg8 45. Qd8+ Kg7 46. Qa5) 41. Qa8+ (41. Be6 $5 Be4+ $1 42. Kh2 fxe6 43. Qc8+
Ke7 44. Qc7+ Ke8 45. dxe6 $18) 41... Kg7 42. Qxa4 h6 43. Be6 $1 hxg5 44. hxg5 (
44. hxg5 fxe6 45. Qd7+ Kg8 46. dxe6 $18) 1-0

[Event "ESP-chT"]
[Site "Sanxenxo"]
[Date "2004.11.19"]
[Round "2"]
[White "Marin, Mihail"]
[Black "Bologan, Viktor"]
[Result "1-0"]
[WhiteElo "2511"]
[BlackElo "2669"]
[Annotator "Stohl,I"]
[PlyCount "89"]
[EventDate "2004.11.18"]
[EventType "team"]
[EventRounds "9"]
[EventCountry "ESP"]
[SourceTitle "CBM 105"]
[Source "ChessBase"]
[SourceDate "2005.04.11"]
[SourceVersion "1"]
[SourceVersionDate "2005.04.11"]
[SourceQuality "1"]

1. c4 g6 2. Nf3 Bg7 3. d4 Nf6 4. g3 O-O 5. Bg2 d6 6. O-O Nc6 7. Nc3 a6 8. d5
Na5 9. Nd2 c5 10. Qc2 Rb8 11. b3 b5 12. Bb2 h5 $5 {Instead of the older moves
as} (12... e5 $13 {or the straightforward}) (12... Bh6 $132 {, Black
increasingly often plays the text both after 12.Rb1 and 12.Bb2 as well.}) 13.
Rab1 {This transposes into the 12.Rb1 lines, but even attempts to save a tempo
and do without such prophylaxis give Black <=>:} (13. h3 bxc4 (13... e5 14.
dxe6 Bxe6 15. cxb5 axb5 16. Nce4 Nxe4 17. Nxe4 Bxb2 18. Qxb2 f5 19. Nc3 $14 {
[%csl Rf6,Rg5,Rh6] ׻}) 14. bxc4 e5 15. Rab1 Bd7 (15... h4 $142 $5 16. g4 Nh7 {
/\f5<=> Rogozenko}) 16. Ba1 Qe7 17. Rxb8 Rxb8 18. Rb1 Qd8 19. Nd1 Rb6 20. Bc3
Nb7 21. Rb2 Bc8 22. Qa4 Bd7 23. Qa3 Rxb2 {Rogozenko,D-Magai,V/Istanbul olm/
2000/} 24. Qxb2 $14 {[%csl Gc4,Gd5,Ge4,Gf4][%cal Yf2f4] /\f4,(),[+]}) (13. Rae1
h4 $142 $5 (13... Bf5 14. e4 Bd7 15. Nd1 e5 16. f4 bxc4 17. bxc4 h4 18. fxe5
Ng4 19. exd6 Rxb2 20. Nxb2 Bd4+ 21. Kh1 Nxh2 22. Nf3 Nxf1 23. Bxf1 hxg3 24.
Nxd4 Qh4+ 25. Kg1 g2 26. Nf3 gxf1=R+ 27. Rxf1 $16 {Bocharov,D-Iskusnyh,S/
Novosibirsk/1999/}) (13... bxc4 14. bxc4 e5 15. Nd1 h4 16. Bc3 Bd7 17. e4 Bh6
18. Ne3 Nh5 19. Bf3 hxg3 (19... Ng7 $142) 20. hxg3 Ng7 21. Kg2 f5 22. Rh1 Bxe3
23. Rxe3 f4 24. Ree1 Nb7 25. Qd1 Qg5 26. Rh4 $36 {Bocharov,D-Isanbaev,R/
Novosibirsk/1998/}) 14. Nd1 (14. e4 e5 15. Ne2 (15. Nd1 $5) 15... h3 16. Bh1
Ng4 17. Nc1 (17. Bc3 $142) 17... Bh6 18. f4 bxc4 19. Nxc4 (19. bxc4 exf4 20.
gxf4 Ne5 $1 $36) 19... Nxc4 20. Qxc4 Rb4 21. Qe2 exf4 22. gxf4 f5 $15 {
Navrotescu,C-Ardelean,G/Val Thorens/2001/}) 14... hxg3 15. hxg3 e5 16. Bc3 Ng4
$13 17. f4 $2 b4 18. Bb2 exf4 19. Bxg7 Kxg7 20. Rxf4 Qg5 21. Ne4 Qh5 22. Qb2+
f6 23. Qd2 Qh2+ 24. Kf1 f5 25. Nef2 Bd7 $40 {Torbin,K-Smirnov,P/Kazan/2001/})
13... Bf5 {Black doesn't want to allow White's pieces top use the e4-square,
but it's difficult to say if this is worth the invested tempo.} (13... h4 14.
Nce4 (14. Nd1) 14... h3 $5 15. Nxf6+ exf6 16. Bh1 f5 $132 {is also playable,
the Ph3 can cause White problems later on.}) 14. e4 Bd7 15. Nd1 (15. Ne2 $5 {
can transpose into another Bologan game after} e5 (15... h4 16. gxh4 $5 bxc4
17. bxc4 Rxb2 $2 18. Rxb2 Nh5 19. Rbb1 e6 20. Nf3 Bh6 21. Ng5 exd5 22. cxd5 Bb5
23. f4 Bg7 24. a4 Bd7 25. Ng3 $18 {1-0 Matveeva,S-Kachiani Gersinska,K/Bled
2002/EXT 2003 (31)}) 16. Bc3 h4 17. Qd3 Nb7 18. f4 h3 (18... hxg3 $142 19. hxg3
Ng4 $6 $132) 19. Bf3 Ng4 20. f5 $1 Nh6 21. g4 Qh4 22. Kh1 Nd8 $6 23. Rg1 f6 24.
Rg3 Ndf7 25. Rf1 Ng5 26. Ng1 gxf5 27. gxf5 Be8 28. Be2 Bh5 29. Bxh5 Qxh5 30.
Ndf3 $18 {Nielsen,P-Bologan,V/Skanderborg/2003/}) 15... e5 $5 ({Premature is} 
15... bxc4 $143 16. bxc4 e5 17. Bc3 $1 (17. Ne3 Ng4 $1 $11) 17... Rxb1 18. Qxb1
Qc7 (18... h4 19. Nb2 hxg3 20. hxg3 Ng4 21. Qe1 Nb7 22. f3 Nh6 23. Nd3 f5 24.
f4 Ng4 25. Bf3 $36 {Huebner,R-Kalka,A/Bundesliga0001/2001/}) 19. Qb2 Nb7 20. f4
Ne8 21. Nf2 exf4 22. Bxg7 Nxg7 23. gxf4 Bc8 {Sorokin,M-Konguvel,P/Raipur/2002/}
24. e5 $40) 16. Bc3 (16. dxe6 $6 Bxe6 17. f4 Nc6 18. a3 Nd4 19. Qd3 bxc4 20.
bxc4 h4 21. Nc3 h3 22. Bf3 Ng4 23. Ba1 Qa5 24. Rxb8 Rxb8 $36 25. Ne2 Nxf3+ 26.
Nxf3 Bxc4 $1 27. Qxc4 Qxa3 28. Qc1 Qd3 29. Nc3 Bd4+ $1 30. Kh1 Bxc3 31. Bxc3
Qe2 {0-1,Burmakin,V-Morozevich,A/Omsk-Perm/1998/}) 16... h4 17. Ne3 Nh5 $146 (
17... Bh6 18. Qd3 b4 19. Bb2 Nh5 20. Qe2 f6 (20... Nb7 $142 $13 {/\ is more
logical.} 21. Bf3 Ng7 22. Ng4 Bg5 $132) 21. Nf3 h3 22. Bh1 Qe8 23. Rbe1 Nb7 24.
Nh4 Bg5 25. Nf3 Qf7 $2 (25... Bh6 $142) 26. Nxg5 fxg5 27. Ng4 Qe7 28. Bf3 Kh7
29. Nxe5 $1 $16 {Mchedlishvili,M-Zulfugarli,M/Tbilisi/2001/}) 18. Bf3 b4 19.
Bb2 hxg3 (19... Nf6 $5 {is more circumspect. By opening the >> Black plays
into White's hands, as his forces are not quite prepared for this.}) 20. hxg3
Qg5 (20... Nf6 21. Kg2 Nh7 22. Bg4 $5 $14) 21. Bxh5 $5 Qxh5 22. f4 $1 {[%mdl
32] The fate of the game depends now on who will manage to bring the reserves
to the >> first. and in the end Marin's strategy proves more farsighted.} Qh3 (
22... Rbe8 $142 23. Rbe1 (23. Rf2 $5) 23... Nb7 24. Rf2 $14) 23. Rf3 Bg4 $2 {
This only helps White.} (23... f5 $5 24. Rbf1 $36 (24. g4 $2 Qh6 $15)) 24. Nxg4
Qxg4 25. Kg2 exf4 (25... f5 26. Rh1 $36) (25... Rbe8 26. f5 $16 (26. Rh1 $5))
26. Rxf4 Qe2+ 27. Rf2 Qe3 28. Nf3 $1 Bxb2 $8 29. Qxb2 f6 (29... Qxe4 $5 30. Re1
Qd3 (30... Qf5 31. Nd2 Qd3 32. Ne4 $16) 31. Qf6 $16) 30. Qc2 {[%cal Re4e5] /
\e5 As in Nielsen-Bologan, Black has allowed himself to be driven back and
left with the sidelined Na5. After the wrong pieces have been exchanged, White
has a clear-cut advantage, moreover he has -> chances as well.} Kg7 (30... Qc3
$142 31. Qe2 $5 {[%cal Rf2f1,Rf1c1] /\Rff1-c1+-} (31. Qxc3 bxc3 32. Rc1 $16)
31... f5 32. e5 $16 (32. Ng5 $5 $40)) 31. Re1 Qh6 (31... Qc3 32. Qd1 $1 {
[%cal Rf2c2] /\Rc2 forces Black to sacrifice his N immediately.}) 32. Rh1 Qe3
33. Re1 Qh6 34. Rh1 Qe3 35. Re2 $1 $18 Qc3 36. Qd1 {[%csl Rc3] ףc3} Rh8 37.
Rhe1 $1 {[%cal Re2c2] /\Rc2} Nxc4 (37... f5 38. e5 $18) 38. bxc4 Qxc4 39. Rc2
Qb5 40. Qa1 Rbe8 (40... Qd3 $142 41. Rf2 Qc3 42. Nd2 $5 $18) 41. Rf2 $1 Qd3 42.
Ng5 Re5 43. Ne6+ Kf7 44. Nxc5 $1 Qb5 (44... dxc5 45. Qxe5 $18) 45. Ne6 1-0